African Countries Letter Count Quiz Stats

 Plays Quiz Updated Jul 2, 2018

Challenge
Share
Tweet
Embed
Score 0/13 Timer 04:00
20 Plays Today
# of Letters Name a Country... % Correct
5 LettersBenin, Egypt, Gabon, Ghana, Kenya, Libya, Niger, Sudan
99.1%
4 LettersChad, Mali, Togo
98.1%
7 LettersAlgeria, Burundi, Comoros, Eritrea, Lesotho, Liberia, Morocco, Namibia, Nigeria, Senegal, Somalia, Tunisia
96.5%
8 LettersBotswana, Cameroon, Djibouti, Ethiopia, eSwatini, Tanzania, Zimbabwe
91.8%
6 LettersAngola, Gambia, Guinea, Malawi, Rwanda, Uganda, Zambia
90.9%
10 LettersMadagascar, Mauritania, Mozambique, Seychelles, South Sudan
89.2%
11 LettersBurkina Faso, Côte d’Ivoire, Sierra Leone, South Africa
89%
28 LettersDemocratic Republic of the Congo
84%
18 LettersRepublic of the Congo, São Tomé and Príncipe
72.5%
9 LettersCabo Verde, Mauritius, (The Gambia)
72%
22 LettersCentral African Republic
70.9%
16 LettersEquatorial Guinea
50.5%
12 LettersGuinea-Bissau
47.3%

You're not logged in!

Compare scores with friends on all Sporcle quizzes.
Join for Free
OR
Log In

You Might Also Like...

Show Comments

Extras

Top Quizzes Today


Score Distribution

Your Account Isn't Verified!

In order to create a playlist on Sporcle, you need to verify the email address you used during registration. Go to your Sporcle Settings to finish the process.

Report this User

Report this user for behavior that violates our Community Guidelines.

Details: